00460 2200169 4500245005900000020002200059250001100081700001900092650002100111005001900132260005200151041001400203084001000217300002000227490003400247336000900281 aKisah Seru Hewan di Sekitar KitacSastri SunartihText a978-623-00-3028-4 aCet. 1 aSastri Sunarti aCerita Bergambar a20241031084630 aJakartbPenerbit PT elex media Komputindoc2021 aIndonesia a741.5 a34 hlm :bpdf ; aSeri Antologi Fabel Nusantara atext